Southville International School and Colleges
Your cart is empty.
  • Cart
  • Lists
    Public lists Eva Luna New books Lux_list list_1
    Your lists Log in to create your own lists
  • Log in to your account
  • Your cookies
  • Search history
Southville International School and Colleges
  • Advanced search
  • Recent comments
  • Most popular
  • Libraries

Log in to your account

Log in with GOOGLE


If you do not have an external account, but do have a local account, you can still log in:

  1. Home
  2. MARC view: Babe :
Normal view MARC view ISBD view

Babe : (Record no. 8034)

[ view plain ]
MARC details
000 -LEADER
fixed length control field 00606nam a22002297a 4500
003 - CONTROL NUMBER IDENTIFIER
control field OSt
005 - DATE AND TIME OF LATEST TRANSACTION
control field 20160715165506.0
008 - FIXED-LENGTH DATA ELEMENTS--GENERAL INFORMATION
fixed length control field 130729t xxu||||| |||| 00| 0 eng d
020 ## - INTERNATIONAL STANDARD BOOK NUMBER
International Standard Book Number 0582364000
050 ## - LIBRARY OF CONGRESS CALL NUMBER
Classification number PZ 7
Item number .K84 1999
082 ## - DEWEY DECIMAL CLASSIFICATION NUMBER
Classification number KF
Item number K84b 1999
100 ## - MAIN ENTRY--PERSONAL NAME
Personal name Korman, Justine
9 (RLIN) 5337
245 ## - TITLE STATEMENT
Title Babe :
Remainder of title pig in the city /
Statement of responsibility, etc Justine Korman
260 ## - PUBLICATION, DISTRIBUTION, ETC. (IMPRINT)
Place of publication, distribution, etc England :
Name of publisher, distributor, etc Pearson Education Ltd,
Date of publication, distribution, etc 1999.
300 ## - PHYSICAL DESCRIPTION
Extent 41 p.
Other physical details col. ill. ;
Dimensions 20 cm.
562 ## - COPY AND VERSION IDENTIFICATION NOTE
Number of copies 1
650 ## - SUBJECT ADDED ENTRY--TOPICAL TERM
Topical term or geographic name as entry element Babe
9 (RLIN) 5338
650 ## - SUBJECT ADDED ENTRY--TOPICAL TERM
Topical term or geographic name as entry element Pig
General subdivision Fiction
9 (RLIN) 5339
650 ## - SUBJECT ADDED ENTRY--TOPICAL TERM
Topical term or geographic name as entry element Farm
General subdivision Fiction
9 (RLIN) 5340
942 ## - ADDED ENTRY ELEMENTS (KOHA)
Source of classification or shelving scheme Library of Congress Classification
Koha item type Books
Holdings
Withdrawn status Lost status Source of classification or shelving scheme Damaged status Home library Current library Shelving location Date acquired Source of acquisition Total Checkouts Full call number Barcode Date last seen Copy number Price effective from Koha item type
    Library of Congress Classification   Luxembourg Library Luxembourg Library Kids Fiction Section 07/29/2013 Donation   PZ 7 .K84 1999 8472 06/23/2015 1 07/29/2013 Books

Babe :

APA

Korman J., . (1999). Babe. England: Pearson Education Ltd.

Chicago

Korman Justine, . 1999. Babe. England: Pearson Education Ltd.

Harvard

Korman J., . (1999). Babe. England: Pearson Education Ltd.

MLA

Korman Justine, . Babe. England: Pearson Education Ltd. 1999.

  • Place hold
  • Print
  • Cite
  • Add to your cart (remove)
  • Save record
    BIBTEX Dublin Core MARCXML MARC (non-Unicode/MARC-8) MARC (Unicode/UTF-8) MARC (Unicode/UTF-8, Standard) MODS (XML) RIS
  • More searches
    Search for this title in:
    Other Libraries (WorldCat) Other Databases (Google Scholar) Online Stores (Bookfinder.com) Open Library (openlibrary.org)

Exporting to Dublin Core...

SOUTHVILLE LIBRARY

Southville International School and Colleges Library

1281 Tropical Ave. Cor. Luxembourg St., BF Homes International, Las Pinas City

Tel. No. 8256374 / 252358 Loc. 117/146

Powered by Koha